00483nam a2200193 a 4500001001300000003000900013005001700022008004100039020001000080082001900090100001900109245002500128260004700153300000900200500003500209505001000244650001600254700001900270nice12345678IN_TiNIC20260116011830.0050524s0000 kara grp 000 0 eng  ac10000a954.0258bHUS1 aHusain, Mahmud aDream of Tipu Sultan aKarachibPakistan Historical Societyc0000 a106p aincludes index and biblioraphy2 aIndex aTipu Sultan1 aHusain, Mahmud